000 00300nam a2200133Ia 4500
008 190216s9999||||xx |||||||||||||| ||und||
100 _aVaish M C
245 0 _aMacroeconomic Theory
250 _a10th Ed.
260 _bWishwa Prakashan
_c1995
300 _a659
650 _aEconomics
942 _cBK
999 _c10164
_d10164